Statistics for Famous Battles in History

Click here to take the quiz!

General Stats

  • This quiz has been taken 800 times
    (796 since last reset)
  • The average score is 7 of 15

Answer Stats

HintAnswer% Correct
German advance into Russia decisively defeated at this city , 1942 - 43Battle of Stalingrad
94%
French army routed by a much smaller English army , 1415Battle of Agincourt
68%
Napoleon crushes combined forces of Russians and Austrians , 1805Battle of Austerlitz
62%
The "Desert Fox" defeated at a decisive battle in Egypt , 19422nd Battle of El Alamein
58%
British forces under Lord Cornwallis surrender after a siege , 1781Siege of Yorktown
58%
Muslim Arab troops defeated by Frankish forces under Charles Martel , 732Battle of Tours / Poitiers
47%
Carthaginians under Hannibal crush Romans , 216 BCBattle of Cannae
43%
The bloodiest battle of Napoleon's invasion of Russia , 1812Battle of Borodino
40%
In this battle , Germans used nerve gas for the first time , 19152nd Battle of Ypres
39%
Lee's first invasion of the North repulsed , 1862Battle of Antietam
37%
Christian Austrian , Italian and Spanish troops defeat Ottomans in naval engagement , 1571Battle of Lepanto
33%
Germanic troops ambush and destroy three Roman legions , 9 ADBattle of Teutoburg Forest
31%
Prussians win a major victory over the French in the Franco - Prussian war , 1870Battle of Sedan
29%
Main battle of the Crimean War , 1853 - 54Siege of Sevastopol
27%
Japanese navy defeated Russians , 1905Battle of Tsushima
24%

Score Distribution

Percentile by Number Answered

Percent of People with Each Score

Your Score History

You have not taken this quiz since the last reset